NATO el kitabı (Record no. 1769)

MARC details
000 -BAŞLIK
Sabit Uzunlukta Kontrol Alanı 00679na a2200229 4500
001 - KONTROL NUMARASI
Denetim Alanı 17646
003 - KONTROL NUMARASI IDENTIFIER
Denetim Alanı MIRAKIL
005 - SON İŞLEM TARİHİ VE ZAMANI
Denetim Alanı 20181213154834.0
008 - SABİT-BOY VERİ ELEMANLARI - GENEL BİLGİLER
Sabit Uzunlukta Kontrol Alanı 161031b tu 000 0
035 ## - SİSTEM KONTROL NUMARASI
Sistem Kontrol Numarası 17646
040 ## - KATALOGLAMA KAYNAK
Orijinal Kataloglama Ajansı Milas
Kataloglama Dili tur
Metne Dönüştürmek Ajansı TR-AnCHP
041 ## - DİL KODU
Metin / Ses Parça Veya Ayrı Başlığın Dil Kodu tur
082 ## - DEWEY ONLU SINIFLANDIRMA NUMARASI
Sınıflandırma Numarası 355.031
Ürün Numarası N27 1995
090 ## - SINIFLAMA NUMARASI
Sınıflama Numarası 355.031 N27 1995
245 ## - BAŞLIK TABLOSU
Başlık NATO el kitabı
Sorumluluk Tablosu, Vb NATO Basın ve Enformasyon Bürosu
260 ## - YAYIN, DAĞITIM, VB
Yayın, Dağıtım, Vb Yeri Brüksel
Yayıncı, Dağıtıcı, Vs Adı NATO Basın ve Enformasyon Bürosu
Yayın, Dağıtım, Vb Tarihi 1995
300 ## - FİZİKSEL TANIM
Kapsam 358 s.
Diğer Fiziksel Ayrıntıları tbl.
Boyutlar 18 sm.
500 ## - GENEL NOT
Genel Not NATO: Kuzey Atlantik Antlaşması Örgütü
650 ## - KONU KATMA GİRİŞ - TOPİKAL DÖNEM
Topikal Süreli Veya Coğrafi Ad Giriş Elemanı NATO
Genel Alt Bölümü Tanıtım
Kronolojik Alt Bölümü El kitapları, vb.
710 ## - KATMA GİRİŞ - KURUMSAL ADI
Giriş Elemanı Olarak Kurumsal Ad Veya Yargı Alanı Adı NATO Basın ve Enformasyon Bürosu
942 ## - EKLENDİ GİRİŞ ELEMANLARI (KOHA)
Sınıflandırma Veya Raf Düzeni Kaynak Dewey Decimal Classification
Koha Öğesi Türü Books
999 ## - SİSTEM KONTROL NUMARALARI (KOHA)
Koha Biblionumber 1769
Koha Biblioitemnumber 1769
Holdings
Kalıcı Konum Mevcut Konum Edinme Tarihi Edinim Kaynak Toplam Check-Out'Lar Tam Çağrı Numarası Barkod Tarih Son Görülme İtibaren Geçerli Fiyatlar Koha Öğesi Türü
CHP Kütüphanesi CHP Kütüphanesi 10/31/2016 Bağış   355.031 N27 1995 005947 10/31/2016 10/31/2016 Books